000 00421nam a2200157 a 4500
001 000027651
005 20200930031006.0
008 110404s1990 dr 000 0 spa d
040 _aDO-SdBNP
_bspa
_cBNPHU
082 _axxxx
_bA473l
100 1 _aAlvarez, Virginia
_954740
245 1 0 _aLatitud del amor /
_cVirginia Alvarez.
260 _aSanto Domingo :
_b[s.n.],
_c1990.
300 _a110 p. ;
_c21 cm.
049 _aBNPD
999 _c27143
_d27143